| 000 | 01817cam a2200277zu 4500 | ||
|---|---|---|---|
| 001 | 45007927 | ||
| 003 | FRCYB45007927 | ||
| 005 | 20251020123332.0 | ||
| 006 | m o d | ||
| 007 | cr un | ||
| 008 | 251020s2005 fr | o|||||0|0|||fre d | ||
| 020 | _a9782844502841 | ||
| 035 | _aFRCYB45007927 | ||
| 040 |
_aFR-PaCSA _bfr _c _erda |
||
| 100 | 1 | _aBonneton, André Alexandre | |
| 245 | 0 | 1 |
_aAs-tu lu Céline ? _c['Bonneton, André Alexandre'] |
| 264 | 1 |
_bIbis Rouge _c2005 |
|
| 300 | _a p. | ||
| 336 |
_btxt _2rdacontent |
||
| 337 |
_bc _2rdamdedia |
||
| 338 |
_bc _2rdacarrier |
||
| 650 | 0 | _a | |
| 700 | 0 | _aBonneton, André Alexandre | |
| 856 | 4 | 0 |
_2Cyberlibris _uhttps://international.scholarvox.com/netsen/book/45007927 _qtext/html _a |
| 520 | _aAndré-Alexandre Bonneton, psychiatre, a exercé la médecine générale, dans ses débuts, à quelques années d'intervalle, comme son confrère, le docteur Louis-Ferdinand Destouches (alias Céline), dans le secteur Nord de Paris. Il y a côtoyé des gens du même profil que ceux croqués par l'auteur du Voyage au bout de la nuit. Il nous convie à une approche objective de la psychologie d'un écrivain dont on occulte habituellement les pamphlets racistes et antisémites : Bagatelles pour un massacre, l'Ecole des cadavres, Les Beaux Draps, Mea culpa. Ces derniers se sont pourtant avérés criminogènes et incitateurs au génocide des juifs lors de la Deuxième Guerre mondiale où ils ont été réédités. Dans son As-tu lu Céline ?, André-Alexandre Bonneton met en exergue la facilité des inventions gratuites d'un style dont l'auteur n'a cessé de prétendre qu'il était unique. Il y démontre aussi que Céline a fait l'objet d'un procès tronqué dont il demande la requalification en crime contre l'humanité. | ||
| 999 |
_c1553810 _d1553810 |
||